header

Handbook of loss prevention engineering (Record no. 25810)

MARC details
000 -LEADER
fixed length control field 01167nam a2200301Ia 4500
082 04 - DEWEY DECIMAL CLASSIFICATION NUMBER
Classification number 620.86
245 00 - TITLE STATEMENT
Title Handbook of loss prevention engineering
260 ## - PUBLICATION, DISTRIBUTION, ETC. (IMPRINT)
Place of publication Weinheim, Germany :
Name of publisher Wiley-VCH Verlag GmbH,
Year of publication c2013.
300 ## - PHYSICAL DESCRIPTION
Number of Pages xxvi, 1106 p. :
Other physical details ill.
650 #0 - SUBJECT ADDED ENTRY--TOPICAL TERM
Topical Term Industrial safety.
Topical Term Human engineering.
700 1# - ADDED ENTRY--PERSONAL NAME
Personal name Haight, Joel M.
856 40 - ELECTRONIC LOCATION AND ACCESS
Uniform Resource Identifier http://site.ebrary.com/lib/rucke/Doc?id=10716657

No items available.

© 2026 Rongo University
Contact us: librarian | system librarian | Rongo university